Statistics for Zelda Enemies By Picture

Click here to take the quiz!

General Stats

  • This quiz has been taken 56 times
  • The average score is 11 of 20

Answer Stats

Answer% Correct
Bokoblin
93%
Lynel
83%
Chuchu
80%
Keese
80%
Octorok
80%
Guardian
78%
Hinox
74%
Lizalfos
61%
Skulltula
61%
ReDead
54%
Like Like
52%
Poe
50%
Gibdo
48%
Stalfos
48%
Deku Baba
41%
Darknut
39%
Beamos
30%
Stalchild
22%
Armos
17%
Guay
13%

Score Distribution

Percentile by Number Answered

Percent of People with Each Score

Your Score History

You have not taken this quiz